000 00539cam a22002291 4500
001 sa 64007309
003 DLC
005 20260227112045.0
008 940926s1962 ii 000 0 orio
010 _asa 64007309
025 _aPL480:I-O-22
035 _a(OCoLC)31181286
040 _aDLC
_cCU
_dCU
_dDLC
042 _apremarc
050 0 0 _aPK2579.P29
_bT7
100 1 _aPatnaik, Mahendra,
_d1963.
245 1 0 _aṬraṅkamaḍara.
260 _c[1962]
300 _a223 p.
_c19 cm.
500 _aIn Oriya.
500 _aA novel.
999 _c60161
_d60161